Countries starting with P quiz - Statistics

General Stats
  • This quiz has been taken 35 times
  • The average score is 8 of 9
Answer Stats
Country (starts with P) % Correct
Pakistan
93%
Palau
90%
Panama
90%
Paraguay
90%
Peru
90%
Portugal
90%
Poland
87%
Philippines
77%
Papua New Guinea
73%
No matching quizzes found
Score Distribution
Percent of People with Each Score
Percentile by Number Answered
Your Score History
You have not taken this quiz